Interpretación dinámica de los estados financieros : (Record no. 10910)
[ view plain ]
| 000 -LEADER | |
|---|---|
| fixed length control field | 00606nam a22001817a 4500 |
| 005 - DATE AND TIME OF LATEST TRANSACTION | |
| control field | 20150124121814.0 |
| 008 - FIXED-LENGTH DATA ELEMENTS--GENERAL INFORMATION | |
| fixed length control field | 140710t mx||||| |||| 00| 0 spa d |
| 020 ## - INTERNATIONAL STANDARD BOOK NUMBER | |
| International Standard Book Number | 9682404177 |
| 050 04 - LIBRARY OF CONGRESS CALL NUMBER | |
| Classification number | HF5681.B2 |
| Item number | M66 1975 |
| 100 1# - MAIN ENTRY--PERSONAL NAME | |
| Personal name | Montaño, Agustín, |
| Relator term | autor |
| 245 10 - TITLE STATEMENT | |
| Title | Interpretación dinámica de los estados financieros : |
| Remainder of title | nueva técnica presupuestal / |
| Statement of responsibility, etc | Agustín Montaño. |
| 250 ## - EDITION STATEMENT | |
| Edition statement | 1a ed. |
| 260 ## - PUBLICATION, DISTRIBUTION, ETC. (IMPRINT) | |
| Place of publication, distribution, etc | Mèxico : |
| Name of publisher, distributor, etc | Trillas, |
| Date of publication, distribution, etc | 1975 |
| 300 ## - PHYSICAL DESCRIPTION | |
| Extent | 203 páginas : |
| Other physical details | ilustraciones, |
| Dimensions | 24 cm. |
| 650 #7 - SUBJECT ADDED ENTRY--TOPICAL TERM | |
| Source of heading or term | LEMB |
| Topical term or geographic name as entry element | Estados financieros |
| 650 #7 - SUBJECT ADDED ENTRY--TOPICAL TERM | |
| Source of heading or term | LEMB |
| Topical term or geographic name as entry element | Presupuestos |
| General subdivision | Administración |
| 942 ## - ADDED ENTRY ELEMENTS (KOHA) | |
| Source of classification or shelving scheme | Biblioteca del Cogreso de los Estados Unidos |
| Koha item type | Libro |
| Estado de pérdida | Fuente de clasificación | Estado del daño | No para préstamo | Ubicación permanente | Ubicación actual | Apartado o colección | Fecha de adquisición | Fuente de adquisición | Área del conocimiento | Clasificación | Código de Barras | Date last seen | Número de copia | Tipo de recurso |
|---|---|---|---|---|---|---|---|---|---|---|---|---|---|---|
| Biblioteca del Cogreso de los Estados Unidos | Biblioteca del Instituto de Investigaciones Económicas y Empresariales | Biblioteca del Instituto de Investigaciones Económicas y Empresariales | General | 10/07/2014 | HF5681.B2 M66 r2003 | IIE000002427 | 16/01/2015 | 1 | Libro |